000 00279nam a22001337a 4500
003 SGT
082 _a340
_bSEN
100 _aSEN A C
245 _aLEGAL & COMMERCIAL DICTIONARY
250 _a3
260 _aCALCUTTA
_bEASTERN LAW HOUSE
_c1979
300 _a834
942 _2ddc
_cBK
999 _c28547
_d28547